Zgadnij Państwo po otwarciu Wendy's - Statystyki

Ogólne statystyki
  • Ten quiz został rozwiązany 4 razy
  • Średni wynik to 15 z 22
Statystyki odpowiedzi
Rok Państwo % Poprawnych
2019 Argentyna
100%
7 Października 2025 Irlandia
100%
1980 Japonia
100%
1975 Kanada
100%
1986 Meksyk
100%
15 Listopada 1969 USA
100%
1980 Wielka Brytania
100%
1983 Filipiny
75%
Maju 2015 Indie
75%
11 Maja 2022 Katar
75%
Styczniu 2001 Zjednoczone Emiraty Arabskie
75%
2008 Chile
50%
2004 Dominikana
50%
2000 Ekwador
50%
2013 Gruzja
50%
1990 Indonezja
50%
2007 Jamajka
50%
1 Lipca 2024 Kazachstan
50%
2010 Kuwejt
50%
2019 Uzbekistan
50%
1998 Bahamy
25%
2000 Panama
25%
Nie znaleziono quizów pasujących do podanych kryteriów
Rozkład punktacji
Procent ludzi z każdym wynikiem
Percentyl według liczby udzielonych odpowiedzi
Twoja historia wyników
Nie rozwiązałeś tego quizu